[Event "43. Abierto Internacional Ciudad de Mar"]
[Site "Mar del Plata ARG"]
[Date "2012.04.06"]
[Round "8.10"]
[White "Perelman, Hernan"]
[Black "Spata, German"]
[Result "1/2-1/2"]
[WhiteElo "2374"]
[BlackElo "2255"]
[PlyCount "122"]
[EventDate "2012.03.31"]
[EventType "swiss"]
[EventRounds "9"]
[EventCountry "ARG"]
[Source "lmi"]
[SourceDate "2012.03.31"]

1. d4 e6 2. c4 Nf6 3. g3 Bb4+ 4. Bd2 Qe7 5. Bg2 Bxd2+ 6. Qxd2 d6 7. Nc3 O-O 8.
Nf3 e5 9. O-O c6 10. e4 Bg4 11. b3 Re8 12. h3 Bxf3 13. Bxf3 Nbd7 14. Rad1 Nf8
15. d5 cxd5 16. cxd5 Qd7 17. Bg2 b5 18. a3 Rac8 19. Rc1 Qb7 20. Na2 N8d7 21.
Nb4 Nc5 22. Qe3 Qb6 23. Nc6 Kf8 24. Rc3 Nfd7 25. Rfc1 a5 26. h4 b4 27. axb4
axb4 28. Rc4 Na6 29. Qe1 Ndc5 30. Nxb4 Rb8 31. Nxa6 Qxa6 32. Bf1 Nxb3 33. Rb4
Qa7 34. Rxb8 Rxb8 35. Rb1 Nd4 36. Kg2 Rxb1 37. Qxb1 g6 38. Qc1 h5 39. Qc8+ Kg7
40. Qc3 Qa4 41. Qe3 Qd1 42. Bd3 Qb3 43. Qd2 Qa3 44. Be2 Qc5 45. Bd1 Qa3 46. Be2
Qb3 47. Bd1 Qb7 48. Kh2 Qb1 49. f3 Qb7 50. Kg2 Qa7 51. Be2 f5 52. Bd3 Qe7 53.
f4 fxe4 54. Bxe4 Qf6 55. Qe3 exf4 56. gxf4 Nf5 57. Bxf5 gxf5 58. Qg3+ Kf7 59.
Qg5 Qb2+ 60. Kg1 Qc1+ 61. Kh2 Qd2+ 1/2-1/2

[Event "43. Abierto Internacional Ciudad de Mar"]
[Site "Mar del Plata ARG"]
[Date "2012.04.07"]
[Round "9.1"]
[White "Mareco, Sandro"]
[Black "Tristan, Leonardo"]
[Result "1-0"]
[WhiteElo "2579"]
[BlackElo "2438"]
[PlyCount "55"]
[EventDate "2012.03.31"]
[EventType "swiss"]
[EventRounds "9"]
[EventCountry "ARG"]
[Source "lmi"]
[SourceDate "2012.03.31"]

1. d4 Nf6 2. c4 e6 3. Nf3 d5 4. Nc3 Bb4 5. Bg5 Nbd7 6. e3 c5 7. cxd5 exd5 8.
dxc5 Qa5 9. Rc1 Qxa2 10. Bxf6 Nxf6 11. Bb5+ Bd7 12. Bxd7+ Nxd7 13. O-O Bxc3 14.
Rxc3 Qxb2 15. Rc2 Qf6 16. Qxd5 Qc6 17. Qf5 O-O 18. Nd4 Qc7 19. Nb5 Qc6 20. Rb1
Rfd8 21. Nd4 Qc7 22. c6 Nb6 23. Nb5 Qc8 24. Qxc8 Raxc8 25. Nxa7 Rc7 26. Rcc1
Nc8 27. Rd1 Re8 28. cxb7 1-0

[Event "43. Abierto Internacional Ciudad de Mar"]
[Site "Mar del Plata ARG"]
[Date "2012.04.07"]
[Round "9.2"]
[White "Paveto, Kevin"]
[Black "Flores, Diego"]
[Result "0-1"]
[WhiteElo "2279"]
[BlackElo "2599"]
[PlyCount "120"]
[EventDate "2012.03.31"]
[EventType "swiss"]
[EventRounds "9"]
[EventCountry "ARG"]
[Source "lmi"]
[SourceDate "2012.03.31"]

1. e4 c5 2. Nf3 e6 3. d4 cxd4 4. Nxd4 a6 5. Bd3 Bc5 6. Nb3 Be7 7. Qg4 Bf6 8.
O-O Nc6 9. f4 d6 10. Qe2 Nge7 11. N1d2 Ng6 12. Nc4 b5 13. Ne3 e5 14. fxe5 Bxe5
15. Ng4 O-O 16. Nxe5 Ngxe5 17. Bf4 Be6 18. Qe3 Rc8 19. Qg3 f6 20. Rf2 Rf7 21.
Bf1 Rd7 22. h3 Bc4 23. c3 Qe7 24. Nd2 Bxf1 25. Raxf1 Kh8 26. Nf3 Nd3 27. Re2
Nc5 28. Rfe1 Ne5 29. Nd4 Qf7 30. Rd1 Qg6 31. Nf5 Rcd8 32. Bxe5 dxe5 33. Rxd7
Rxd7 34. Qe3 Ne6 35. Qb6 Qe8 36. Qxa6 h6 37. Nd6 Qf8 38. Rd2 b4 39. Nf7+ Rxf7
40. Qxe6 bxc3 41. bxc3 Qc5+ 42. Kh2 Rf8 43. Qb3 Qe3 44. Qc2 Rc8 45. c4 Kh7 46.
Rd5 Qf4+ 47. Kg1 Ra8 48. a4 Rb8 49. c5 Qe3+ 50. Kh2 Rb3 51. c6 Rc3 52. Qd2 Qg3+
53. Kh1 Re3 54. Rc5 Re1+ 55. Qxe1 Qxe1+ 56. Kh2 Qb4 57. Rd5 Qxe4 58. c7 Qf4+
59. g3 Qf2+ 60. Kh1 Qc2 0-1

[Event "43. Abierto Internacional Ciudad de Mar"]
[Site "Mar del Plata ARG"]
[Date "2012.04.07"]
[Round "9.3"]
[White "Garcia Palermo, Carlos H"]
[Black "Rodriguez Vila, Andres"]
[Result "1/2-1/2"]
[WhiteElo "2479"]
[BlackElo "2518"]
[PlyCount "127"]
[EventDate "2012.03.31"]
[EventType "swiss"]
[EventRounds "9"]
[EventCountry "ARG"]
[Source "lmi"]
[SourceDate "2012.03.31"]

1. d4 e6 2. c4 Nf6 3. Nf3 c5 4. d5 exd5 5. cxd5 Bd6 6. g3 O-O 7. Bg2 Bc7 8. d6
Ba5+ 9. Bd2 Nc6 10. O-O Re8 11. Na3 b6 12. Bxa5 Nxa5 13. Nd2 Ba6 14. Re1 Rc8
15. e4 Nc6 16. f4 h6 17. e5 Nh7 18. Nf3 b5 19. Nc2 Qb6 20. Ne3 c4 21. Kh1 Nb4
22. Nh4 Nd3 23. Qh5 Nf6 24. exf6 Nf2+ 25. Kg1 Rxe3 26. Bd5 Rxg3+ 27. Kf1 Ne4
28. Bxf7+ Kf8 29. fxg7+ Rxg7 30. Rxe4 Qg1+ 31. Ke2 Qxh2+ 32. Ke3 Qxb2 33. Ng6+
Kxf7 34. Rg1 Qa3+ 35. Kf2 Qc5+ 36. Qxc5 Rxc5 37. Re7+ Kf6 38. Ne5 Rxg1 39.
Nxd7+ Kf5 40. Nxc5 Rd1 41. Nxa6 Rxd6 42. Nc5 Kxf4 43. Rf7+ Ke5 44. Rxa7 Kd4 45.
Rc7 b4 46. Ke2 Rg6 47. Kd1 h5 48. Kc2 Rh6 49. Na4 h4 50. Rd7+ Ke4 51. Nb2 c3
52. Nd3 h3 53. Nf2+ Ke5 54. Ng4+ Ke6 55. Nxh6 Kxd7 56. Ng4 Ke6 57. a3 Kf5 58.
Nh2 bxa3 59. Kxc3 Kf4 60. Kb3 Kg3 61. Nf1+ Kg2 62. Ne3+ Kf2 63. Ng4+ Kg3 64.
Ne3 1/2-1/2

[Event "43. Abierto Internacional Ciudad de Mar"]
[Site "Mar del Plata ARG"]
[Date "2012.04.07"]
[Round "9.5"]
[White "Roselli Mailhe, Bernardo"]
[Black "Leskovar, Matias"]
[Result "1/2-1/2"]
[WhiteElo "2423"]
[BlackElo "2256"]
[PlyCount "68"]
[EventDate "2012.03.31"]
[EventType "swiss"]
[EventRounds "9"]
[EventCountry "ARG"]
[Source "lmi"]
[SourceDate "2012.03.31"]

1. d4 d5 2. c4 c6 3. Nf3 Nf6 4. Qc2 g6 5. Bf4 Bf5 6. Qb3 Qb6 7. c5 Qxb3 8. axb3
Bxb1 9. Rxb1 Nbd7 10. h3 Bg7 11. e3 O-O 12. b4 a6 13. Bd3 Rae8 14. O-O Nh5 15.
Bh2 f5 16. Nd2 e5 17. Nb3 Rf7 18. Be2 exd4 19. Bxh5 gxh5 20. exd4 Re4 21. Rfd1
Nf8 22. Rd2 Ne6 23. Rbd1 f4 24. f3 Re3 25. Rd3 Re7 26. Kf1 Rxd3 27. Rxd3 h4 28.
Bg1 Bf6 29. Rd2 Kf7 30. Bf2 Kg6 31. Re2 Kf5 32. Na5 Rf7 33. Nb3 Ng7 34. Re1 Ne6
1/2-1/2

[Event "43. Abierto Internacional Ciudad de Mar"]
[Site "Mar del Plata ARG"]
[Date "2012.04.07"]
[Round "9.6"]
[White "Bitelmajer, Martin"]
[Black "Mahia, Gustavo"]
[Result "0-1"]
[WhiteElo "2318"]
[BlackElo "2399"]
[PlyCount "76"]
[EventDate "2012.03.31"]
[EventType "swiss"]
[EventRounds "9"]
[EventCountry "ARG"]
[Source "lmi"]
[SourceDate "2012.03.31"]

1. d4 Nf6 2. c4 c5 3. d5 e6 4. Nc3 exd5 5. cxd5 d6 6. e4 g6 7. Nf3 Bg7 8. Be2
O-O 9. O-O Re8 10. Nd2 Na6 11. f3 Nc7 12. a4 Nh5 13. f4 Nf6 14. a5 Bd7 15. e5
dxe5 16. d6 Ncd5 17. Nde4 Nxf4 18. Nxc5 Nxe2+ 19. Qxe2 Bg4 20. Qf2 Qxd6 21. Bg5
b6 22. Nb3 Bf5 23. h3 h5 24. Rad1 Qe6 25. Bxf6 Bxf6 26. g4 hxg4 27. hxg4 Bxg4
28. Qxf6 Qxf6 29. Rxf6 Bxd1 30. Nxd1 Kg7 31. Rf2 bxa5 32. Nxa5 Rac8 33. Nc3 f5
34. Kg2 e4 35. Nb3 Red8 36. Kg3 Rd3+ 37. Kf4 Rcxc3 38. bxc3 Kf6 0-1

[Event "43. Abierto Internacional Ciudad de Mar"]
[Site "Mar del Plata ARG"]
[Date "2012.04.07"]
[Round "9.8"]
[White "Randazzo, Adrian"]
[Black "Orsini, Antonio"]
[Result "1/2-1/2"]
[WhiteElo "2302"]
[BlackElo "2352"]
[PlyCount "66"]
[EventDate "2012.03.31"]
[EventType "swiss"]
[EventRounds "9"]
[EventCountry "ARG"]
[Source "lmi"]
[SourceDate "2012.03.31"]

1. e4 e6 2. d3 d5 3. Qe2 Nf6 4. Nf3 Be7 5. g3 b5 6. Bg2 c5 7. O-O Nc6 8. Re1 a5
9. exd5 exd5 10. c4 bxc4 11. dxc4 O-O 12. cxd5 Nxd5 13. Nc3 Nxc3 14. bxc3 Bf6
15. Qc2 Ba6 16. Rd1 Qc8 17. Ng5 g6 18. Ne4 Bg7 19. Bf4 Qf5 20. Qa4 Ne5 21. Nxc5
Be2 22. Rd5 Bf3 23. Rxe5 Bxe5 24. Bxf3 Bxf4 25. Qxf4 Qxc5 26. Bxa8 Rxa8 27. Qf6
Qc4 28. Qd4 Qxd4 29. cxd4 Rb8 30. Re1 Rb4 31. Re4 Ra4 32. d5 Rxa2 33. d6 Rd2
1/2-1/2

[Event "43. Abierto Internacional Ciudad de Mar"]
[Site "Mar del Plata ARG"]
[Date "2012.04.07"]
[Round "9.9"]
[White "Mellano, Santiago"]
[Black "De Dovitiis, Alejo"]
[Result "0-1"]
[WhiteElo "2226"]
[BlackElo "2341"]
[PlyCount "116"]
[EventDate "2012.03.31"]
[EventType "swiss"]
[EventRounds "9"]
[EventCountry "ARG"]
[Source "lmi"]
[SourceDate "2012.03.31"]

1. d4 Nf6 2. Nf3 e6 3. e3 b6 4. Bd3 Bb7 5. O-O g6 6. c4 Bg7 7. Nc3 c5 8. d5
exd5 9. cxd5 O-O 10. e4 d6 11. Bf4 Na6 12. Re1 Nc7 13. h3 a6 14. a4 Rb8 15. Rb1
Nh5 16. Bg5 Qd7 17. Qd2 b5 18. axb5 Nxb5 19. Bh6 Rfe8 20. Bxg7 Kxg7 21. b4 c4
22. Bxc4 Na3 23. Qd4+ Kg8 24. Rbc1 Bc8 25. Bf1 Qb7 26. Na2 Bd7 27. g4 Ng7 28.
e5 dxe5 29. Rxe5 Nb5 30. Qd2 Nd6 31. Qf4 f5 32. Rxe8+ Ngxe8 33. Ne5 Ba4 34. Nc6
Rc8 35. Bg2 Qf7 36. Re1 Bxc6 37. dxc6 Qxa2 38. Qe5 Ne4 39. Bxe4 fxe4 40. Rxe4
Nc7 41. Rd4 Qe6 42. Qc5 Ne8 43. Rc4 Qd6 44. Qb6 Qd1+ 45. Kh2 Qd6+ 46. Kg1 Nc7
47. Rd4 Qe5 48. Rd7 Qe1+ 49. Kg2 Qe4+ 50. f3 Qe2+ 51. Kg3 Qe5+ 52. f4 Qe1+ 53.
Kf3 Qc3+ 54. Kf2 Qc2+ 55. Kg3 Qc3+ 56. Kf2 Ne6 57. Qxa6 Qc2+ 58. Kf3 Rxc6 0-1

[Event "43. Abierto Internacional Ciudad de Mar"]
[Site "Mar del Plata ARG"]
[Date "2012.04.07"]
[Round "9.10"]
[White "Ricardi, Pablo"]
[Black "Tobares, Leandro"]
[Result "1-0"]
[WhiteElo "2504"]
[BlackElo "2203"]
[PlyCount "65"]
[EventDate "2012.03.31"]
[EventType "swiss"]
[EventRounds "9"]
[EventCountry "ARG"]
[Source "lmi"]
[SourceDate "2012.03.31"]

1. e4 c5 2. Nf3 Nc6 3. Bb5 g6 4. O-O Bg7 5. Re1 Nf6 6. e5 Nd5 7. Nc3 Nc7 8. Bc4
O-O 9. d3 Ne6 10. h4 d6 11. exd6 exd6 12. h5 Ncd4 13. Nd5 Nxf3+ 14. Qxf3 Nd4
15. Qg3 Nf5 16. Qh2 b5 17. Bb3 Bb7 18. Bf4 a5 19. a4 Bxb2 20. Rab1 bxa4 21. Ba2
a3 22. hxg6 hxg6 23. Ne7+ Nxe7 24. Bg5 Nd5 25. Bxd8 Raxd8 26. Qh6 Bg7 27. Qg5
Nb4 28. Bxf7+ Rxf7 29. Qxd8+ Rf8 30. Qxd6 a2 31. Ra1 Nxc2 32. Re7 Bf6 33. Qe6+
1-0